| 000 | 01498nam a2200409Ii 4500 | ||
|---|---|---|---|
| 001 | DIGOVENEG061 | ||
| 003 | NyNyDIG | ||
| 006 | m o d | ||
| 007 | cr ||||||||||| | ||
| 008 | 140301s2012 ck a o 000 0 spa d | ||
| 020 | _z9789580612025 | ||
| 020 | _z9580612021 | ||
| 040 |
_aDGITA _beng _epn _cDGITA |
||
| 043 | _ae-sp--- | ||
| 050 | 1 | 4 | _aDP302.B54 eBook |
| 100 | 1 | _aIbarretxe Markuartu, Juan José. | |
| 245 | 1 | 3 |
_aEl caso vasco : _bel desarrollo humano sostenible / _cJuan José Ibarretxe Markuartu. |
| 250 | _a2a. ed. | ||
| 264 | 1 |
_aBogotá, Colombia : _bEditorial Oveja Negra, _c2012. |
|
| 300 | _a1 online resource (671 pages) | ||
| 336 |
_atext _btxt _2rdacontent |
||
| 337 |
_acomputer _bc _2rdamedia |
||
| 338 |
_aonline resource _bcr _2rdacarrier |
||
| 500 | _aFirst edition: San Sebastian 2012. | ||
| 504 | _aIncludes bibliographical references (p. 617-650). | ||
| 650 | 0 |
_aSustainable development _zSpain _zPaís Vasco. |
|
| 651 | 0 |
_aPaís Vasco (Spain) _xPolitics and government _y21st century. |
|
| 651 | 0 |
_aPaís Vasco (Spain) _xEconomic policy. |
|
| 651 | 0 |
_aPaís Vasco (Spain) _xSocial policy. |
|
| 651 | 0 |
_aPaís Vasco (Spain) _xPopulation policy. |
|
| 655 | 0 | _aElectronic books. | |
| 791 | 2 |
_aDigitalia (Firm), _edistributor. |
|
| 793 | 0 |
_gDigitalia eBook Collection: _aEditorial Oveja Negra. |
|
| 856 | 4 | 0 |
_3Digitalia Hispánica _uhttps://www.digitaliapublishing.com/a/19896/ |
| 910 | _aPremium Collection: 2007-2012 | ||
| 942 | _cRAA | ||
| 999 |
_c236698 _d236698 |
||